[Event "Heart of Finland op 31st"]
[Site "Jyvaskyla"]
[Date "2023.07.21"]
[Round "7"]
[White "Salimaki, Janne"]
[Black "Keinanen, Anastasia"]
[Result "1-0"]
[WhiteElo "2089"]
[BlackElo "2224"]
[PlyCount "109"]
[EventDate "2023.07.17"]
[EventType "swiss"]
[EventRounds "9"]
[EventCountry "FIN"]
[SourceTitle "CBM 215 Extra"]
[Source "ChessBase"]
[SourceDate "2023.09.30"]
[SourceVersion "1"]
[SourceVersionDate "2023.09.30"]
[SourceQuality "1"]

1. e4 e5 2. Nf3 Nc6 3. Bb5 a6 4. Ba4 Nf6 5. 0-0 Be7 6. Re1 b5 7. Bb3 d6 8. c3 0-0 9. h3 Nb8 10. d4 Nbd7 11. Nbd2 Bb7 12. Bc2 Re8 13. Nf1 Bf8 14. Ng3 g6 15. a4 Bg7 16. b3 d5 17. Nxe5 Nxe5 18. dxe5 Nxe4 19. Nxe4 dxe4 20. Qxd8 Raxd8 21. Bg5 Rd5 22. axb5 Rxb5 23. Bf6 Bxf6 24. exf6 Re6 25. b4 Rbe5 26. Rad1 Rd6 27. c4 Rxf6 28. Rd7 Rb6 29. Rxc7 Rxb4 30. Rd1 e3 31. fxe3 Rb2 32. Rd8+ Kg7 33. Rdd7 Bxg2 34. Rxf7+ Kh6 35. Kxg2 Rxc2+ 36. Kf3 Kg5 37. Rxh7 Rf5+ 38. Ke4 a5 39. Rc6 Rh2 40. h4+ Rxh4+ 41. Rxh4 Kxh4 42. Rxg6 Rf1 43. Kd4 a4 44. Kc3 a3 45. Kb3 Ra1 46. Rg2 Kh3 47. Rc2 Kg4 48. c5 Kf5 49. c6 Rb1+ 50. Kxa3 Rb8 51. c7 Rc8 52. Kb4 Ke6 53. Kb5 Kd7 54. Kb6 Re8 55. Kb7 1-0

[Event "FIN-chT 2022"]
[Site "Finland"]
[Date "2021.12.12"]
[Round "5.8"]
[White "Salimaki, Janne"]
[Black "Vierjoki, Timo"]
[Result "1-0"]
[WhiteElo "2115"]
[BlackElo "1779"]
[PlyCount "73"]
[EventDate "2020.09.12"]
[EventType "team-tourn"]
[EventRounds "11"]
[EventCountry "FIN"]
[SourceTitle "EXT 2023"]
[Source "ChessBase"]
[SourceDate "2022.10.05"]
[SourceVersion "1"]
[SourceVersionDate "2022.10.05"]
[SourceQuality "1"]
[WhiteTeam "Espoo MatSK"]
[BlackTeam "Salo SalSK"]
[WhiteTeamCountry "FIN"]
[BlackTeamCountry "FIN"]

1. e4 e5 2. Nf3 Nc6 3. d4 exd4 4. Nxd4 Nf6 5. Nxc6 bxc6 6. e5 Qe7 7. Qe2 Nd5 8. c4 Ba6 9. h4 Qb4+ 10. Nd2 Be7 11. Qe4 Nb6 12. Rh3 Na4 13. a3 Qb6 14. b4 Qb7 15. c5 Bxf1 16. Kxf1 Qb5+ 17. Kg1 0-0-0 18. Rb1 h5 19. Rbb3 Rde8 20. Rhd3 g6 21. Nf3 Rhg8 22. Qd4 Rd8 23. Bg5 Rge8 24. Bxe7 Rxe7 25. Ng5 Rde8 26. f4 Kb8 27. Ne4 Rd8 28. Nd6 Qa6 29. b5 cxb5 30. Nxb5 Kc8 31. Qe4 d6 32. cxd6 cxd6 33. Qc4+ Nc5 34. Nxd6+ Rxd6 35. Qxc5+ Qc6 36. Qxd6 Qc1+ 37. Rd1 1-0

[Event "FIN-chT 2022"]
[Site "Finland"]
[Date "2021.10.17"]
[Round "11.7"]
[White "Salimaki, Janne"]
[Black "Papula, Niko"]
[Result "1/2-1/2"]
[WhiteElo "2115"]
[BlackElo "1895"]
[PlyCount "66"]
[EventDate "2020.09.12"]
[EventType "team-tourn"]
[EventRounds "11"]
[EventCountry "FIN"]
[SourceTitle "EXT 2023"]
[Source "ChessBase"]
[SourceDate "2022.10.05"]
[SourceVersion "1"]
[SourceVersionDate "2022.10.05"]
[SourceQuality "1"]
[WhiteTeam "Espoo MatSK"]
[BlackTeam "Helsinki Ninja"]
[WhiteTeamCountry "FIN"]
[BlackTeamCountry "FIN"]

1. e4 c5 2. Nf3 d6 3. d4 cxd4 4. Nxd4 Nf6 5. Nc3 a6 6. Nb3 b5 7. a4 b4 8. Nd5 Bb7 9. Be3 Nbd7 10. f3 e6 11. Nxf6+ Nxf6 12. Qd2 d5 13. Nc5 Qc7 14. Nxb7 Qxb7 15. exd5 Nxd5 16. Bc4 Nxe3 17. Qxe3 Be7 18. 0-0-0 0-0 19. h4 Rad8 20. h5 Qc6 21. Bb3 Qc5 22. Qxc5 Bxc5 23. a5 Be3+ 24. Kb1 Bf4 25. Bc4 Bc7 26. Rxd8 Rxd8 27. Bxa6 Rd2 28. g4 Bxa5 29. Kc1 Rd6 30. Bd3 h6 31. Rd1 Kf8 32. Be4 Ke7 33. Rxd6 Kxd6 1/2-1/2

[Event "FIN-ch Seniors 50"]
[Site "Helsinki"]
[Date "2020.09.27"]
[Round "6"]
[White "Vainikainen, Tommi"]
[Black "Salimaki, Janne"]
[Result "0-1"]
[WhiteElo "1850"]
[BlackElo "2092"]
[PlyCount "76"]
[EventDate "2020.09.24"]
[EventType "tourn"]
[EventRounds "7"]
[EventCountry "FIN"]
[SourceTitle "CBM 198 Extra"]
[Source "ChessBase"]
[SourceDate "2020.11.30"]
[SourceVersion "1"]
[SourceVersionDate "2020.11.30"]
[SourceQuality "1"]

1. e4 c5 2. c3 Nf6 3. e5 Nd5 4. d4 cxd4 5. cxd4 e6 6. Nf3 d6 7. Bc4 Nb6 8. Bb3 dxe5 9. dxe5 Qxd1+ 10. Kxd1 Nc6 11. Nc3 a6 12. Bf4 Nd7 13. Ke2 Be7 14. Rac1 h6 15. h4 Nc5 16. Bc2 b6 17. a3 a5 18. Ne4 Ba6+ 19. Ke3 0-0 20. Rhd1 Rfd8 21. Ne1 Bf8 22. Nd3 Nxe4 23. Kxe4 Bb7 24. Ke3 Nd4 25. f3 Rac8 26. Bb1 Nf5+ 27. Kf2 Nxh4 28. Be3 Rxc1 29. Rxc1 Ba6 30. Bxb6 Rd5 31. Rc3 Ng6 32. g3 Nxe5 33. Nxe5 Rxe5 34. Be4 Rb5 35. Bd4 Rxb2+ 36. Ke3 Re2+ 37. Kf4 g5+ 38. Ke5 Bg7+ 0-1

[Event "FIN-ch Seniors 50"]
[Site "Helsinki"]
[Date "2020.09.26"]
[Round "4"]
[White "Piho, Juha"]
[Black "Salimaki, Janne"]
[Result "1-0"]
[WhiteElo "1915"]
[BlackElo "2092"]
[PlyCount "71"]
[EventDate "2020.09.24"]
[EventType "tourn"]
[EventRounds "7"]
[EventCountry "FIN"]
[SourceTitle "CBM 198 Extra"]
[Source "ChessBase"]
[SourceDate "2020.11.30"]
[SourceVersion "1"]
[SourceVersionDate "2020.11.30"]
[SourceQuality "1"]

1. e4 c5 2. Bc4 Nc6 3. f4 e6 4. Nc3 Nge7 5. Nf3 d5 6. exd5 exd5 7. Be2 Ng6 8. d4 cxd4 9. Nb5 Bb4+ 10. c3 dxc3 11. bxc3 a6 12. Qxd5 axb5 13. Qxd8+ Kxd8 14. cxb4 Nxb4 15. 0-0 Rxa2 16. Rd1+ Kc7 17. Rxa2 Nxa2 18. Bb2 f6 19. Bxb5 Nxf4 20. Bc4 Nb4 21. Ba3 Nxg2 22. Kxg2 Nc6 23. Bd6+ Kd8 24. Bf8+ Kc7 25. Bxg7 Rd8 26. Rxd8 Kxd8 27. Bxf6+ Ke8 28. Nd4 Nxd4 29. Bxd4 Kf8 30. Kg3 Bd7 31. Kf4 b5 32. Bd5 Bh3 33. Kg5 b4 34. Kh6 Bf5 35. Bc5+ Ke8 36. Bxb4 1-0

[Event "Helsinki Pihlajamaki 80 Years"]
[Site "Helsinki"]
[Date "2019.11.10"]
[Round "7"]
[White "Salimaki, Janne"]
[Black "Miettinen, Teemu"]
[Result "1-0"]
[WhiteElo "2136"]
[BlackElo "2025"]
[PlyCount "99"]
[EventDate "2019.11.10"]
[EventType "swiss"]
[EventRounds "7"]
[EventCountry "FIN"]
[SourceTitle "EXT 2021"]
[Source "ChessBase"]
[SourceDate "2020.10.23"]
[SourceVersion "1"]
[SourceVersionDate "2020.10.23"]
[SourceQuality "1"]

1. e4 e5 2. Nf3 Nc6 3. Bc4 Nf6 4. d3 Be7 5. 0-0 d6 6. a4 Be6 7. Bxe6 fxe6 8. Re1 0-0 9. c3 Qe8 10. Qb3 Nd8 11. d4 Nd7 12. Be3 Qh5 13. Nbd2 Kh8 14. a5 g5 15. h3 g4 16. hxg4 Qxg4 17. Qc4 Rg8 18. g3 c6 19. dxe5 dxe5 20. b4 Nf7 21. a6 b6 22. Qxc6 Nf6 23. Qc7 Bd6 24. Qxf7 Raf8 25. Qb7 Nh5 26. Nh2 Qh3 27. Ndf1 Nf4 28. Bxf4 exf4 29. e5 fxg3 30. fxg3 Bxe5 31. Rxe5 Rxg3+ 32. Nxg3 Qxg3+ 33. Qg2 Qxe5 34. Kh1 Qxc3 35. Rg1 Qe5 36. Rf1 Rg8 37. Qf3 Qd6 38. Qf6+ Rg7 39. Rg1 Qd5+ 40. Qf3 Rxg1+ 41. Kxg1 Qd4+ 42. Kg2 Qd2+ 43. Kg3 Qg5+ 44. Ng4 Kg7 45. Qb7+ Kg6 46. Qe4+ Kf7 47. Qxh7+ Ke8 48. Qxa7 e5 49. Qb8+ Kd7 50. Qxe5 1-0

[Event "Helsinki MatSK op"]
[Site "Helsinki"]
[Date "2019.02.24"]
[Round "6"]
[White "Lallukka, Taneli"]
[Black "Salimaki, Janne"]
[Result "0-1"]
[WhiteElo "1878"]
[BlackElo "2088"]
[PlyCount "84"]
[EventDate "2019.02.22"]
[EventType "swiss"]
[EventRounds "7"]
[EventCountry "FIN"]
[SourceTitle "CBM 189 Extra"]
[Source "ChessBase"]
[SourceDate "2019.06.03"]
[SourceVersion "1"]
[SourceVersionDate "2019.06.03"]
[SourceQuality "1"]

1. d4 d6 2. c4 g6 3. Nf3 Bg7 4. g3 Nf6 5. Bg2 0-0 6. 0-0 Nbd7 7. Nc3 e5 8. dxe5 dxe5 9. Bg5 h6 10. Bxf6 Qxf6 11. Nd5 Qd8 12. e4 c6 13. Ne3 Nc5 14. Qc2 a5 15. Rad1 Qe7 16. Rd2 Ne6 17. Qc1 h5 18. Rfd1 Nd4 19. Nxd4 exd4 20. Nc2 c5 21. Ne1 Bh6 22. f4 Bg4 23. Nf3 Qxe4 24. Re1 Qf5 25. Ne5 Rab8 26. Be4 Qc8 27. Bd5 Kg7 28. Nxg4 Qxg4 29. Rde2 h4 30. Kg2 b5 31. Re7 bxc4 32. Be6 Bxf4 33. Qxf4 Rxb2+ 34. Kg1 Qxf4 35. gxf4 c3 36. Bc4 Rb4 37. Bd5 d3 38. Be4 d2 39. Rf1 Rxe4 40. Rxe4 c2 41. Ree1 dxe1Q 42. Rxe1 Rd8 0-1

[Event "FIN-chT2 Gp1 1819"]
[Site "Finland"]
[Date "2019.01.13"]
[Round "5.1"]
[White "Salimaki, Janne"]
[Black "Mannisto, Eero"]
[Result "1-0"]
[WhiteElo "2072"]
[BlackElo "1985"]
[PlyCount "107"]
[EventDate "2018.09.15"]
[EventType "team-tourn"]
[EventRounds "6"]
[EventCountry "FIN"]
[SourceTitle "EXT 2020"]
[Source "ChessBase"]
[SourceDate "2019.10.17"]
[SourceVersion "1"]
[SourceVersionDate "2019.10.17"]
[SourceQuality "1"]
[WhiteTeam "Espoo MatSK III"]
[BlackTeam "Vantaa EtVaS III"]
[WhiteTeamCountry "FIN"]
[BlackTeamCountry "FIN"]

1. e4 c6 2. c4 d5 3. cxd5 cxd5 4. exd5 Nf6 5. Nc3 g6 6. Bc4 Bg7 7. Nf3 0-0 8. 0-0 Nbd7 9. d3 Nb6 10. Qb3 Bf5 11. Re1 Rc8 12. Bf4 Nfd7 13. d6 e6 14. Bg5 Bf6 15. Bxf6 Qxf6 16. Nb5 Nc5 17. Qa3 a6 18. Nbd4 Rfd8 19. Nxf5 gxf5 20. b4 Ncd7 21. Rac1 Nb8 22. b5 Nxc4 23. dxc4 axb5 24. cxb5 Rxc1 25. Rxc1 e5 26. Rd1 e4 27. Ne1 Nd7 28. Qb4 Qe5 29. Nc2 Nc5 30. Qd4 Nd7 31. Qxe5 Nxe5 32. Rd5 Nc4 33. Ne3 Rxd6 34. Nxf5 Rxd5 35. Ne7+ Kf8 36. Nxd5 Nd6 37. a4 f5 38. Kf1 Kf7 39. Ke2 Ke6 40. Nc3 Ke5 41. a5 Nc4 42. a6 bxa6 43. bxa6 Nb6 44. a7 h6 45. g3 Na8 46. Nb5 f4 47. gxf4+ Kxf4 48. Nd6 Nb6 49. Kd2 h5 50. Kc3 Kf3 51. Kd4 Kxf2 52. Nxe4+ Kg2 53. h4 Kh3 54. Kc5 1-0

[Event "Helsinki-chA"]
[Site "Helsinki"]
[Date "2019.01.06"]
[Round "7"]
[White "Salimaki, Janne"]
[Black "Heinola, Vesa Pekka"]
[Result "1-0"]
[WhiteElo "2131"]
[BlackElo "2279"]
[PlyCount "91"]
[EventDate "2018.12.29"]
[EventType "tourn"]
[EventRounds "7"]
[EventCountry "FIN"]
[SourceTitle "EXT 2021"]
[Source "ChessBase"]
[SourceDate "2020.10.23"]
[SourceVersion "1"]
[SourceVersionDate "2020.10.23"]
[SourceQuality "1"]

1. e4 c5 2. Nf3 Nc6 3. d4 cxd4 4. Nxd4 g6 5. c4 Bg7 6. Be3 Nf6 7. Nc3 Ng4 8. Qxg4 Nxd4 9. Qd1 e5 10. Bd3 0-0 11. 0-0 b6 12. Qd2 Bb7 13. f3 Re8 14. Rac1 Ne6 15. Nd5 Bf8 16. b4 Rc8 17. Rfd1 d6 18. Bf1 Bg7 19. Nc3 Qh4 20. Nb5 Rcd8 21. Qf2 Qe7 22. Nxa7 f5 23. exf5 Nd4 24. Nb5 Nxb5 25. cxb5 gxf5 26. Bxb6 Rd7 27. a4 d5 28. Bc5 Qf7 29. b6 Ra8 30. Bb5 Rdd8 31. Qe2 d4 32. a5 Bh6 33. Qxe5 Be3+ 34. Kh1 Bxc1 35. Rxc1 Qg7 36. Qxf5 Kh8 37. Qd3 Rd5 38. a6 Rg8 39. g3 Rh5 40. Bxd4 Bxf3+ 41. Kg1 Re5 42. Bxe5 Qxe5 43. Qxf3 Qd4+ 44. Qf2 Qg7 45. b7 Qg5 46. Qd4+ 1-0

[Event "Helsinki-chA"]
[Site "Helsinki"]
[Date "2019.01.02"]
[Round "4"]
[White "Salimaki, Janne"]
[Black "Aalto, Patrik"]
[Result "1/2-1/2"]
[WhiteElo "2131"]
[BlackElo "2014"]
[PlyCount "118"]
[EventDate "2018.12.29"]
[EventType "tourn"]
[EventRounds "7"]
[EventCountry "FIN"]
[SourceTitle "EXT 2021"]
[Source "ChessBase"]
[SourceDate "2020.10.23"]
[SourceVersion "1"]
[SourceVersionDate "2020.10.23"]
[SourceQuality "1"]

1. e4 e5 2. Nf3 Nc6 3. Bb5 g6 4. c3 a6 5. Ba4 d6 6. d4 Bd7 7. 0-0 Bg7 8. Re1 Nf6 9. Bxc6 Bxc6 10. dxe5 Nxe4 11. exd6 0-0 12. dxc7 Qxc7 13. Be3 Rad8 14. Nd4 Be5 15. h3 f5 16. Qe2 Bd5 17. Nf3 Bd6 18. Nbd2 Nxd2 19. Nxd2 Rfe8 20. Qf1 Qf7 21. Bg5 Be7 22. Rxe7 Rxe7 23. Bxe7 Qxe7 24. Nb3 Bxb3 25. axb3 Rd2 26. Rd1 Rxb2 27. Qc4+ Kg7 28. Qd4+ Qf6 29. Qxf6+ Kxf6 30. Rd6+ Ke5 31. Rb6 Ke4 32. Rxb7 a5 33. Rb5 Ra2 34. c4 a4 35. bxa4 Rxa4 36. Rb7 Rxc4 37. Rxh7 Ke5 38. h4 Kf6 39. Kh2 Rc3 40. f3 Rc4 41. Kg3 Ra4 42. h5 gxh5 43. Rxh5 Kg6 44. Rh4 Ra3 45. Rb4 Kg5 46. Rh4 Rb3 47. Rh8 Rb4 48. Rg8+ Kf6 49. Ra8 Kg5 50. f4+ Kg6 51. Ra6+ Kh5 52. Ra3 Rc4 53. Rf3 Rc1 54. Re3 Rc4 55. Kf3 Kh4 56. g3+ Kh3 57. Re6 Rc3+ 58. Kf2 Rc2+ 59. Kf3 Rc3+ 1/2-1/2

[Event "FIN-chT2 Gp1 1819"]
[Site "Finland"]
[Date "2018.09.16"]
[Round "4.1"]
[White "Mustonen, Tapani"]
[Black "Salimaki, Janne"]
[Result "0-1"]
[WhiteElo "1915"]
[BlackElo "2072"]
[PlyCount "34"]
[EventDate "2018.09.15"]
[EventType "team-tourn"]
[EventRounds "6"]
[EventCountry "FIN"]
[SourceTitle "EXT 2020"]
[Source "ChessBase"]
[SourceDate "2019.10.17"]
[SourceVersion "1"]
[SourceVersionDate "2019.10.17"]
[SourceQuality "1"]
[WhiteTeam "Joensuu SK II"]
[BlackTeam "Espoo MatSK III"]
[WhiteTeamCountry "FIN"]
[BlackTeamCountry "FIN"]

1. d4 Nf6 2. Bg5 Ne4 3. Bf4 c5 4. f3 Qa5+ 5. c3 Nf6 6. d5 Qb6 7. Qd2 Nxd5 8. Qxd5 Qxb2 9. e4 Qxa1 10. Bd3 Qb2 11. Ne2 e6 12. Qg5 c4 13. 0-0 cxd3 14. Nd4 f6 15. Qg3 Nc6 16. Bd6 Nxd4 17. cxd4 Qxd4+ 0-1

[Event "FIN-chT1B 1819"]
[Site "Finland"]
[Date "2018.09.15"]
[Round "1.5"]
[White "Taylor, Daryl"]
[Black "Salimaki, Janne"]
[Result "0-1"]
[WhiteElo "1996"]
[BlackElo "2072"]
[PlyCount "78"]
[EventDate "2018.09.15"]
[EventType "team-tourn"]
[EventRounds "7"]
[EventCountry "FIN"]
[SourceTitle "EXT 2020"]
[Source "ChessBase"]
[SourceDate "2019.10.17"]
[SourceVersion "1"]
[SourceVersionDate "2019.10.17"]
[SourceQuality "1"]
[WhiteTeam "Vantaa EtVaS II"]
[BlackTeam "Espoo MatSK II"]
[WhiteTeamCountry "FIN"]
[BlackTeamCountry "FIN"]

1. Nf3 Nf6 2. g3 b6 3. Bg2 Bb7 4. 0-0 e6 5. d3 d5 6. Nbd2 Nbd7 7. e4 dxe4 8. Ng5 Qc8 9. Ngxe4 Be7 10. Re1 0-0 11. b3 a5 12. a4 Nxe4 13. Nxe4 Nf6 14. Bg5 Nxe4 15. Bxe7 Re8 16. Ba3 Nc3 17. Qh5 Bxg2 18. Kxg2 Qb7+ 19. f3 Qc6 20. Qe5 f6 21. Qe3 Rad8 22. Qf2 e5 23. Bb2 Nd5 24. d4 exd4 25. Bxd4 Nb4 26. Rxe8+ Rxe8 27. c3 Nd3 28. Qd2 Ne5 29. Bxe5 Rxe5 30. Rd1 h6 31. Qd3 Qe6 32. Qd8+ Kh7 33. Qd3+ f5 34. g4 Re2+ 35. Kf1 Re3 36. Qxf5+ Qxf5 37. gxf5 Rxf3+ 38. Kg2 Rxc3 39. Rd7 Kg8 0-1

[Event "Heart of Finland op 28th"]
[Site "Jyvaskyla"]
[Date "2018.07.20"]
[Round "7"]
[White "Luukkonen, Tommi"]
[Black "Salimaki, Janne"]
[Result "1-0"]
[WhiteElo "2325"]
[BlackElo "2065"]
[PlyCount "81"]
[EventDate "2018.07.16"]
[EventType "swiss"]
[EventRounds "9"]
[EventCountry "FIN"]
[SourceTitle "CBM 185 Extra"]
[Source "ChessBase"]
[SourceDate "2018.07.29"]
[SourceVersion "1"]
[SourceVersionDate "2018.07.29"]
[SourceQuality "1"]

1. e4 e5 2. Nf3 Nc6 3. Bb5 a6 4. Ba4 Nf6 5. 0-0 Nxe4 6. d4 b5 7. Bb3 d5 8. dxe5 Be6 9. Be3 Be7 10. Nbd2 0-0 11. Nxe4 dxe4 12. Bxe6 fxe6 13. Nd2 Nxe5 14. Nxe4 Nc4 15. Qc1 Qd5 16. f3 Nxe3 17. Qxe3 Rad8 18. c3 c5 19. a4 c4 20. axb5 axb5 21. Rfe1 Rfe8 22. Qf4 Qf5 23. Qc7 Rc8 24. Qa7 h6 25. Qa6 Ra8 26. Qxa8 Rxa8 27. Rxa8+ Kh7 28. Re8 Qf7 29. Rb8 Bh4 30. Ra1 Qd7 31. g3 Be7 32. Kg2 b4 33. h4 Qd3 34. Rf1 b3 35. Rb7 Bd8 36. Rf2 Kg6 37. Rd2 Qb1 38. h5+ Kxh5 39. Rxd8 Qxb2+ 40. Rd2 Qa1 41. Rxg7 1-0

[Event "Heart of Finland op 28th"]
[Site "Jyvaskyla"]
[Date "2018.07.19"]
[Round "5"]
[White "Franssila, Tommi"]
[Black "Salimaki, Janne"]
[Result "0-1"]
[WhiteElo "2254"]
[BlackElo "2065"]
[PlyCount "62"]
[EventDate "2018.07.16"]
[EventType "swiss"]
[EventRounds "9"]
[EventCountry "FIN"]
[SourceTitle "CBM 185 Extra"]
[Source "ChessBase"]
[SourceDate "2018.07.29"]
[SourceVersion "1"]
[SourceVersionDate "2018.07.29"]
[SourceQuality "1"]

1. e4 e5 2. Nf3 Nc6 3. Bc4 Bc5 4. c3 Nf6 5. b4 Bb6 6. d3 d6 7. h3 Ne7 8. Be3 Ng6 9. Nbd2 0-0 10. 0-0 d5 11. Bb3 d4 12. cxd4 exd4 13. Bg5 h6 14. e5 hxg5 15. exf6 gxf6 16. Ne4 Kg7 17. Re1 Rh8 18. Ng3 Qg8 19. Kf1 Qh7 20. Bc4 g4 21. hxg4 Bxg4 22. Re4 Ne5 23. Ke1 Rae8 24. Qe2 Nxf3+ 25. gxf3 Rxe4 26. dxe4 Bd7 27. Kd2 Qh6+ 28. Kd3 Qf4 29. Rh1 Rxh1 30. Nxh1 Qc1 31. Ng3 Qc3# 0-1

[Event "Helsinki MatSK Weekend"]
[Site "Helsinki"]
[Date "2018.02.25"]
[Round "6"]
[White "Salimaki, Janne"]
[Black "Bederdin, Lauri"]
[Result "1-0"]
[WhiteElo "2098"]
[BlackElo "1974"]
[PlyCount "79"]
[EventDate "2018.02.23"]
[EventType "swiss"]
[EventRounds "7"]
[EventCountry "FIN"]
[SourceTitle "EXT 2019"]
[Source "ChessBase"]
[SourceDate "2018.10.10"]
[SourceVersion "1"]
[SourceVersionDate "2018.10.10"]
[SourceQuality "1"]

1. Nf3 Nf6 2. c4 g6 3. Nc3 Bg7 4. e4 d6 5. d4 0-0 6. Be2 e5 7. 0-0 Nc6 8. d5 Ne7 9. Ne1 Nd7 10. Be3 f5 11. f3 f4 12. Bf2 g5 13. Nb5 a6 14. Na7 Rxa7 15. Bxa7 Nf6 16. Bf2 h5 17. c5 g4 18. cxd6 cxd6 19. Qb3 Ng6 20. Qb6 g3 21. hxg3 fxg3 22. Be3 Nf4 23. Bc4 Qe7 24. Bxf4 exf4 25. e5 Ne8 26. Nd3 Qh4 27. Rfe1 Qh2+ 28. Kf1 h4 29. Qg1 Qxg1+ 30. Kxg1 dxe5 31. Nxe5 Nd6 32. Bf1 Kh7 33. Rad1 Kh6 34. b3 Rf5 35. Ng4+ Kg5 36. Re7 Bf6 37. Rc7 Bd8 38. Rg7+ Kh5 39. Bd3 Rf7 40. Bg6+ 1-0

[Event "FIN-chT1A 1718"]
[Site "Finland"]
[Date "2018.02.03"]
[Round "6.6"]
[White "Peltomaa, Jukka"]
[Black "Salimaki, Janne"]
[Result "1/2-1/2"]
[WhiteElo "1926"]
[BlackElo "2086"]
[PlyCount "71"]
[EventDate "2017.09.16"]
[EventType "team-tourn"]
[EventRounds "7"]
[EventCountry "FIN"]
[SourceTitle "EXT 2020"]
[Source "ChessBase"]
[SourceDate "2019.10.17"]
[SourceVersion "1"]
[SourceVersionDate "2019.10.17"]
[SourceQuality "1"]
[WhiteTeam "Raahe Li"]
[BlackTeam "Espoo MatSK II"]
[WhiteTeamCountry "FIN"]
[BlackTeamCountry "FIN"]

1. d4 d6 2. Nf3 g6 3. c4 Nf6 4. Nc3 Bg7 5. e4 0-0 6. Be2 e5 7. 0-0 Na6 8. Be3 Ng4 9. Bg5 Qe8 10. Re1 f6 11. Bc1 Qf7 12. h3 exd4 13. Nxd4 Ne5 14. Nd5 Bd7 15. f4 Nc6 16. Nxc6 bxc6 17. Nc3 f5 18. exf5 Qxf5 19. Bg4 Qc5+ 20. Be3 Bxg4 21. Qb3 Bd4 22. Ne4 Bxe3+ 23. Rxe3 Qd4 24. hxg4 Rab8 25. Qc3 Qxc3 26. bxc3 d5 27. cxd5 cxd5 28. Ng5 Rxf4 29. Rd1 h6 30. Re6 hxg5 31. Rxg6+ Kh7 32. Rxa6 Rb2 33. Rxd5 Rxg4 34. Rd7+ Kh8 35. Rxa7 Rgxg2+ 36. Kh1 1/2-1/2